Olympics medal table - Field hockey - Statistics

General Stats
  • This quiz has been taken 93 times
    37 since last reset
  • The average score is 12 of 14
Answer Stats
Total Gold Silver Bronze Nation % Correct
13 4 4 5 Australia
94%
20 8 6 6 Netherlands
94%
5 1 3 1 Spain
94%
11 4 3 4 Germany
91%
13 4 2 7 Great Britain
91%
2 0 0 2 United States
91%
4 1 3 0 West Germany
91%
2 0 2 0 China
88%
3 1 1 1 Belgium
84%
13 8 1 4 India
84%
8 3 3 2 Pakistan
81%
7 1 3 3 Argentina
72%
3 0 3 0 South Korea
59%
2 0 0 2 Soviet Union
53%
No matching quizzes found
Score Distribution
Percent of People with Each Score
Percentile by Number Answered
Your Score History
You have not taken this quiz since the last reset